banner-ar

شعراء العرب : (Record no. 61249)

MARC details
000 -الفاتح
حقل البيانات ثابتة الطول 01280nam a22003737a 4500
005 - وقت وتاريخ اخر تعامل مع التسجيلة
رقم الضبط 20240530110451.0
008 - عناصر البيانات ثابتة الطول - معلومات عامة
حقل البيانات ثابتة الطول 150511s2012 ua g b | 000 0cara d
017 ## - رقم الايداع القانونى
رقم الايداع القانونى 2010/21854
المصدر ( الهيئة المختصة) مصر . دار الكتب المصرية
020 ## - الرقم الدولى المعيارى للكتب
الرقم الدولى المعيارى للكتاب 9789774950513
040 ## - مصدر الفهرسة
وكالة الفهرسة الأصلية EG-CaGPL
082 04 - رقم تصنيف ديوى العشرى
رقم الطبعة 21
رقم التصنيف 928.11\
رقم المادة أ ش
100 0# - المدخل الرئيسى - إسم شخصى
الإسم الشخصى احمد سويلم
245 10 - بيان العنوان
العنوان شعراء العرب :
بقية العنوان الاسماء والالقاب والكننى /
بيان المسئوليه,etc احمد سويلم
250 ## - بيان الطبعة
بيان الطبعة ط1
260 ## - PUBLICATION, DISTRIBUTION, ETC. (IMPRINT)
تاريخ النشر أو التوزيع 2012 .
300 ## - الوصف المادى
التعداد 600 ص ؛
أبعاد الوعاء 24 سم
504 ## - تبصرة ببليوجرافية
تبصرة ببليوجرافية,الخ يشتمل على ارجاعات ببليوجرافية
600 04 - المدخل الاضافى بالموضوع-اسم شخصى
الإسم الشخصى امرؤ القيس
600 04 - المدخل الاضافى بالموضوع-اسم شخصى
الإسم الشخصى عزيز اباظة
600 04 - المدخل الاضافى بالموضوع-اسم شخصى
الإسم الشخصى شاعر النيل
600 04 - المدخل الاضافى بالموضوع-اسم شخصى
الإسم الشخصى شاعر الباديه
600 04 - المدخل الاضافى بالموضوع-اسم شخصى
الإسم الشخصى البحترى
600 04 - المدخل الاضافى بالموضوع-اسم شخصى
الإسم الشخصى عمر بن ابى ربيعة
600 04 - المدخل الاضافى بالموضوع-اسم شخصى
الإسم الشخصى رابعة العدوية
600 04 - المدخل الاضافى بالموضوع-اسم شخصى
الإسم الشخصى عنترة بن شداد
600 04 - المدخل الاضافى بالموضوع-اسم شخصى
الإسم الشخصى عمرو بن كلثوم
600 04 - المدخل الاضافى بالموضوع-اسم شخصى
الإسم الشخصى زهير بن ابى سلمى
600 04 - المدخل الاضافى بالموضوع-اسم شخصى
الإسم الشخصى زرقاء اليمامة
600 04 - المدخل الاضافى بالموضوع-اسم شخصى
الإسم الشخصى الخنساء
600 04 - المدخل الاضافى بالموضوع-اسم شخصى
الإسم الشخصى الحجيجة
650 04 - المدخل الاضافى بالموضوع-مصطلح موضوعى
مصطلح موضوعي الشعراء العرب
التقسيم الفرعي العام تراجم
942 ## - عناصر المدخل الإضافي( كوها)
مصدر التصنيف او مخطط الترفيف Dewey Decimal Classification
Koha [default] item type كتاب
260 ## - PUBLICATION, DISTRIBUTION, ETC. (IMPRINT)
-- القاهرة :
-- دار العالم العربى ،
Holdings
حالة التراجع حالة الفقد حالة تلف ليس للاعارة المكان المؤقت الموقع الحالى تاريخ الاكتساب اجمالي اﻻعارات رقم الطلب الباركود تاريخ اخر مشاهدة تاريخ تفعيل السعر نوع وعاء كوها
        مكتبة القاهرة الكبرى مكتبة القاهرة الكبرى 05/11/2015   928.11\ أ ش 160497 05/11/2015 05/11/2015 كتاب

Powered By

EGPV